00722na a2200229 450000100060000000300080000600500170001400800410003104000250007204100080009708200220010509000210012710000200014824500570016826000520022530000190027765000300029665000350032694200130036195201030037499900150047718547MIRAKIL20181213155038.0161121b tu 000 0  aMilasbturcTR-AnCHP atur a323.34bS29s 1998 a323.34 S29s 1998 aSay, Gürgün aSiyasal değişimde kadın boyutu cGürgün Say a[y.y.]b[yayl.y.]c1998fKurtiş Matbaacılık a207 s.c21 sm. aSiyasal haklarxKadınlar aSiyasal değişimxKadınlar 2ddccBKS a0001b0001d2016-11-21e2l0o323.34 S29s 1998p008819r2016-11-21 00:00:00v0.00w2016-11-21yBKS c5508d5508